1589 1163 1632 1806 1409 1820 1167 1251 1834 1058 1476 1811 1828 1305 1195 1754 1557 1438 1576 1786 1043 1483 1002 1438 1367 1966 1812 1772 1402 1200 1673 1382 1871 1418 1064 1432 1810 1318 1650 1650 1252 1861 1391 1703 1710 1390 1857 1612 1592 1174 1233 1764 1521 1857 1838 1187 1121 1154 1681 1305 1760 1774 1467 1344 1415 1716 1124 1692 1562 1816 1054 1490 1051 1689 1503 1124 1690 1880 1283 1216 1742 1346 1412 1511 1586 1374 1330 1817 1509 1115 1498 1275 1137 1344 1377 1118 1493 1985 1503 BCNSPRNW ULIB Ver.6.0+V

เปลี่ยนเป็นภาษาไทย

Change to English
 แสดงรายละเอียดบรรณานุกรม
  กลับหน้าหลัก

Brief Record : Get Marc (ISO 2709) : E-mail record : QR code < ปิดหน้าต่าง
LEADER : 00000nam 2200000uu 4500
001    13399124675
003     ULIB
008    151120s2546||||th 000 0 tha d
099    ^aวพ.W 4^bศ173ร
100 0  ^aศรีสังวาลย์ เนตรอนงค์
245 10 ^aระยะเวลาในการจำหน่ายและปัจจัยที่เกี่ยวข้องของผู้ป่วยหลังได้รับยาระงับความรู้สึกทั่วไปในห้องพักฟื้น โรงพยาบาลนครพิงค์ /^cศรีสังวาลย์ เนตรอนงค์
260    ^aเชียงใหม่ :^bบัณฑิตวิทยาลัย มหาวิทยาลัยเชียงใหม่,^c2546
300    ^aฌ, 97 แผ่น :^bตาราง
502    ^aวิทยานิพนธ์ (พยาบาลศาสตรมหาบัณฑิต (สาขาวิชาการบริหารการพยาบาล)) -- มหาวิทยาลัยเชียงใหม่
504    ^aบรรณานุกรม: แผ่น 79 - 84
610 27 ^aโรงพยาบาลนครพิงค์
650  2 ^aDissertations, academic^xnursing
650  2 ^aPatient discharge
650  2 ^aAnesthesia
650  2 ^aRecovery room
650  7 ^aโรงพยาบาล^xการรับและจำหน่ายผู้ป่วย
650  7 ^aผู้ป่วย^xการดูแล
650  7 ^aยาระงับความรู้สึก
710 2  ^aมหาวิทยาลัยเชียงใหม่.^bบัณฑิตวิทยาลัย
710 2  ^aมหาวิทยาลัยเชียงใหม่.^bสาขาวิชาการบริหารการพยาบาล
945    ^p0^l0^i000218
999    ^aวรรณษา ชูชัยมงคล
รายการนี้ยังไม่มีแท็ก
คุณยังไม่ได้ล็อกอิน คุณสามารถมีกิจกรรมร่วมกับเว็บไซต์ได้ แต่ต้องล็อกอินก่อน ::
  ล็อกอิน

รายการสื่อสารสนเทศ

ลำดับที่ ประเภท เลขเรียก/บาร์โค้ด สถานที่ สถานะ
1. วิทยานิพนธ์
วิทยานิพนธ์
วพ.W 4 ศ173ร ฉ.1 
  Barcode: 000218
ห้องสมุดวิทยาเขตสวรรค์ประชารักษ์
► วิทยานิพนธ์
บนชั้น

รายการใกล้เคียง
    หัวเรื่อง [Patient discharge]
    หัวเรื่อง [Anesthesia]
    หัวเรื่อง [ผู้ป่วย การดูแล]
    หัวเรื่อง [ยาระงับความรู้สึก]

BibComment


ยังไม่เคยถูกคอมเมนท์

คอมเมนท์ทรัพยากรรายการนี้
  คอมเมนท์: ระยะเวลาในการจำห..


 Copyright 2026. Bcnsprnw @Library